California Counties - Statistics

General Stats
  • This quiz has been taken 16 times
  • The average score is 30 of 58
Answer Stats
County Names % Correct
Los Angeles
92%
Orange
92%
San Francisco
92%
Sacramento
83%
San Diego
83%
Fresno
75%
Alameda
67%
Imperial
67%
Inyo
67%
Riverside
67%
Lake
58%
Napa
58%
San Mateo
58%
Santa Clara
58%
Sierra
58%
Butte
50%
Del Norte
50%
El Dorado
50%
Humboldt
50%
Kings
50%
Marin
50%
Mendocino
50%
Mono
50%
Nevada
50%
Placer
50%
San Benito
50%
San Bernardino
50%
San Luis Obispo
50%
Santa Barbara
50%
Stanislaus
50%
Ventura
50%
Yolo
50%
Yuba
50%
Colusa
42%
Contra Costa
42%
Glenn
42%
Kern
42%
Lassen
42%
Madera
42%
Mariposa
42%
Merced
42%
Modoc
42%
Plumas
42%
San Joaquin
42%
Santa Cruz
42%
Siskiyou
42%
Solano
42%
Sonoma
42%
Tulare
42%
Tuolumne
42%
Alpine
33%
Amador
33%
Calaveras
33%
Monterey
33%
Shasta
33%
Sutter
33%
Tehama
33%
Trinity
33%
No matching quizzes found
Score Distribution
Percent of People with Each Score
Percentile by Number Answered
Your Score History
You have not taken this quiz